|
|
|
|
| LEADER |
00000nam0a2200000 4500 |
| 001 |
61954 |
| 005 |
20231031062914.0 |
| 010 |
|
|
|a 5060021297
|
| 035 |
|
|
|a (RuTPU)RU\TPU\book\65635
|
| 090 |
|
|
|a 61954
|
| 100 |
|
|
|a 20040329d1990 km y0rusy50 ca
|
| 101 |
0 |
|
|a rus
|
| 102 |
|
|
|a RU
|
| 105 |
|
|
|a y eg 001zy
|
| 200 |
1 |
|
|a Основы внешнеэкономических знаний
|e Словарь-справочник
|f С. И. Долгов, В. В. Васильев, С. П. Гончарова и др.
|
| 210 |
|
|
|a Москва
|c Высшая школа
|d 1990
|
| 215 |
|
|
|a 432 с.
|
| 320 |
|
|
|a Указатель: с. 423-432
|
| 610 |
1 |
|
|a экономика
|
| 610 |
1 |
|
|a термины
|
| 610 |
1 |
|
|a внешнеэкономическое знание
|
| 610 |
1 |
|
|a формулы
|
| 610 |
1 |
|
|a словари
|
| 610 |
1 |
|
|a справочники
|
| 686 |
|
|
|a У9(2)8
|v LBC/SL-A
|2 rubbk
|
| 701 |
|
1 |
|a Долгов
|b С. И.
|g Сергей Иванович
|
| 701 |
|
1 |
|a Васильев
|b В. В.
|g Владимир Васильевич
|
| 701 |
|
1 |
|a Гончарова
|b С. П.
|g Светлана Павловна
|
| 701 |
|
1 |
|a Афонин
|b И. И.
|
| 701 |
|
1 |
|a Богуславский
|b М. М.
|
| 801 |
|
1 |
|a RU
|b 63413507
|c 20040329
|g PSBO
|
| 801 |
|
2 |
|a RU
|b 63413507
|c 20201116
|g PSBO
|
| 942 |
|
|
|c BK
|